[Event "Bogota Navidad op"]
[Site "Bogota"]
[Date "2019.12.06"]
[Round "3"]
[White "Castaneda Lizarazo, Duvan"]
[Black "Rodriguez Velasco, German Enrique"]
[Result "0-1"]
[WhiteElo "1742"]
[BlackElo "2122"]
[PlyCount "80"]
[EventDate "2019.12.05"]
[EventType "swiss"]
[EventRounds "7"]
[EventCountry "COL"]
[SourceTitle "CBM 193 Extra"]
[Source "ChessBase"]
[SourceDate "2020.01.31"]
[SourceVersion "1"]
[SourceVersionDate "2020.01.31"]
[SourceQuality "1"]

1. e4 c5 2. Nc3 Nc6 3. Bb5 e6 4. Bxc6 bxc6 5. d3 d5 6. f4 Ba6 7. b3 Nf6 8. e5 Nd7 9. Nf3 Be7 10. 0-0 0-0 11. Qe1 c4 12. bxc4 dxc4 13. d4 Nb6 14. Qg3 c5 15. f5 exf5 16. Bh6 g6 17. Bxf8 Bxf8 18. d5 Bb7 19. d6 Bg7 20. Rad1 Qd7 21. Rfe1 Re8 22. a4 Nxa4 23. Nd5 Bxd5 24. Rxd5 Nc3 25. Rxc5 Ne4 26. Rxe4 fxe4 27. Nd4 Qa4 28. c3 Qd1+ 29. Kf2 Bh6 30. d7 e3+ 31. Qxe3 Bxe3+ 32. Kxe3 Qe1+ 33. Kf3 Qd1+ 34. Kf2 Qd2+ 35. Kf1 Qc1+ 36. Kf2 Qb2+ 37. Kf1 Qb1+ 38. Ke2 Rb8 39. Kf3 Qb7+ 40. Nc6 Rd8 0-1